Amore fecondo responsabile. A dieci anni dall'Humanae vitae (Record n. 209562)

Dettagli MARC
000 -LEADER
campo di controllo lung. fissa 01129nam a2200229Ia 4500
001 - Numero di controllo
campo di controllo c1-25502 [4514]
003 - Identificatore del numero di controllo
campo di controllo IT-MiCISF
005 - Data e orario dell'ultima transazione
campo di controllo 20241018120706.0
008 - Elementi di lunghezza fissa--Informazione generale
campo di controllo lung. fissa 161014s9999||||xx |||||||||||||| ||und||
040 ## - Fonte della catalogazione
Agenzia catalografica originale IT-MiCISF
Agenzia che fa la trascrizione IT-MiCISF
041 ## - Codice di lingua
Codice di lingua del testo/traccia sonora o titolo separato it
100 ## - Accesso principale -- nome di persona
Nome di persona Cisf (a cura di)
9 (RLIN) 56035
245 #0 - Formulazione del titolo
Titolo Amore fecondo responsabile. A dieci anni dall'Humanae vitae
Complemento del titolo Congresso internazionale, 21-25 giugno 1978
260 ## - Pubblicazione, distribuzione, ecc. (stampa)
Luogo di pubblicazione, distribuzione, ecc. Milano,
Nome dell'editore, distributore, ecc. CISF - Centro internazionale studi famiglia,
Data di pubblicazione, distribuzione, ecc. 1978
300 ## - Descrizione fisica
Estensione pp. 571
500 ## - Nota generale
Nota generale procreazione-responsabile, chiesa, amore, coniugi, sessualità, teologia, relazione-di-coppia, fecondità, humanae-vitae, famiglia, educazione-familiare, metodi-naturali
650 ## - Accesso aggiunto di soggetto--termine topico
Termine topico o nome geografico come accesso procreazione
654 ## - Accesso aggiunto di soggetto--termini topici faccettati
Termine principale atti
700 ## - Accesso aggiunto--nome di persona
Nome di persona Wojtyla K., Martelet G., Dominian J., Masamba ma Mpolo J., Melchiorre V.,
-- Thurian M., Leroux I., Leroux R., Mascarenhas A., Guy F., Fuy M., Juste H.M.,
-- McCormack A., Vignali M., Flynn A.M., Lynch S.S., Ramirez M., Bompiani A.,
-- Bonnar J., Guerrero R., Rioe F., Lanctot C., Garcia-Devesa C., Bonomi G., Hume K.
9 (RLIN) 61015
942 ## - Dati aggiuntivi (Koha)
Tipo copia default (Koha) LIBRO
Fonte della classificazione o dello schema di collocazione (segnatura) Dewey Decimal Classification
999 ## - Sys Number locale (Koha)
Koha Dewey Subclass [OBSOLETE] si
Dati di copia
Ritirato (status) Perso (status) Danneggiato (status) Non per il presito Biblioteca proprietaria Biblioteca in cui si trova Data d'acquisizione Totale prestiti Collocazione Data ultima operazione Prezzo in vigore dal Tipo copia default (Koha) Nota pubblica
    Buone Condizioni Not For Loan CISF - Milano CISF - Milano 14/10/2016   c1-25502 [4514] 14/10/2016 14/10/2016 LIBRO Data import 15.10.2016 / by Epidotti, Vaglietti
CREDITS: SOCIETA' SAN PAOLO Via A.Severo, 58 - ROMA (RM) & PERIODICI SAN PAOLO SRL Via Giotto, 36 MILANO & CISF Via Giotto, 36 MILANO & EDIZIONI SAN PAOLO SRL,  Piazza Soncino, 5 CINISELLO BALSAMO (MI) -- ITALY